000 00293 a2200109 4500
999 _c298834
_d298834
001 63761
003 NUST
005 20180119110707.0
008 180119b xxu||||| |||| 00| 0 eng d
082 _a150.72 MAR
100 _aMarczyk Geoffrey
_99063
245 _aEssentials of Research Design and Methodology
_hEnglish
260 _bJohn Wiley & Sons,Inc
_aUSA
_c2005
300 _axi, 290p.
942 _aNUST-CAE
_cBK
_k150.72 MAR
_2ddc